Proceedings of the symposium on ecology, behaviour and management of elephants in Kerala 23rd,24th Feb. 1990. (Record no. 595913)

MARC details
000 -LEADER
fixed length control field 00663nam a2200145Ia 4500
008 - FIXED-LENGTH DATA ELEMENTS--GENERAL INFORMATION
fixed length control field 100415s9999 xx 000 0 und d
082 ## - DEWEY DECIMAL CLASSIFICATION NUMBER
Item number 12997
Classification number 591.61(5483)
100 ## - MAIN ENTRY--PERSONAL NAME
Personal name KERALA FOREST DEPARTMENT
245 ## - TITLE STATEMENT
Title Proceedings of the symposium on ecology, behaviour and management of elephants in Kerala 23rd,24th Feb. 1990.
260 ## - PUBLICATION, DISTRIBUTION, ETC. (IMPRINT)
Place of publication, distribution, etc THIRUVANANTHAPURAM
Date of publication, distribution, etc 1990
Name of publisher, distributor, etc C.K. KARUNAKARAN
365 ## - TRADE PRICE
Price amount 0
630 ## - SUBJECT ADDED ENTRY--UNIFORM TITLE
Uniform title Proceedings of the symposium on ecology, behaviour and management of elephants in Kerala 23rd,24th Feb. 1990.
730 ## - ADDED ENTRY--UNIFORM TITLE
Uniform title Proceedings of the symposium on ecology, behaviour and management of elephants in Kerala 23rd,24th Feb. 1990.
942 ## - ADDED ENTRY ELEMENTS (KOHA)
Koha item type Book
Holdings
Withdrawn status Lost status Damaged status Not for loan Home library Current library Date acquired Cost, normal purchase price Total Checkouts Full call number Barcode Date last seen Price effective from Koha item type
        Bombay Natural History Society Bombay Natural History Society 07/09/1996 0.00   591.61(5483) 12997 BNHS-12997 04/15/2010 04/15/2010 Book